header

Johnson's and Webster's verbal examples (Record no. 6036)

MARC details
000 -LEADER
fixed length control field 01469nam a2200337 a 4500
001 - CONTROL NUMBER
control field ebr10275833
003 - CONTROL NUMBER IDENTIFIER
control field CaPaEBR
006 - FIXED-LENGTH DATA ELEMENTS--ADDITIONAL MATERIAL CHARACTERISTICS--GENERAL INFORMATION
fixed length control field m u
007 - PHYSICAL DESCRIPTION FIXED FIELD--GENERAL INFORMATION
fixed length control field cr cn|||||||||
008 - FIXED-LENGTH DATA ELEMENTS--GENERAL INFORMATION
fixed length control field 070509s2007 gw sb 001 0 eng c
010 ## - LIBRARY OF CONGRESS CONTROL NUMBER
Canceled/invalid LC control number 2007425192
020 ## - INTERNATIONAL STANDARD BOOK NUMBER
Cancelled/invalid ISBN 9783484391321 (pbk.)
Cancelled/invalid ISBN 3484391324 (pbk.)
040 ## - CATALOGING SOURCE
Original cataloging agency CaPaEBR
Transcribing agency CaPaEBR
035 ## - SYSTEM CONTROL NUMBER
System control number (OCoLC)666905961
050 14 - LIBRARY OF CONGRESS CALL NUMBER
Classification number PE1617.J7
Item number M596 2007eb
100 1# - MAIN ENTRY--PERSONAL NAME
Personal name Miyoshi, Kusujiro.
245 10 - TITLE STATEMENT
Title Johnson's and Webster's verbal examples
Medium [electronic resource] :
Remainder of title with special reference to exemplifying usage in dictionary entries /
Statement of responsibility, etc Kusujiro Miyoshi.
260 ## - PUBLICATION, DISTRIBUTION, ETC. (IMPRINT)
Place of publication, distribution, etc T�ubingen :
Name of publisher, distributor, etc Niemeyer,
Date of publication, distribution, etc 2007.
300 ## - PHYSICAL DESCRIPTION
Extent xiv, 222 p.
490 1# - SERIES STATEMENT
Series statement Lexicographica. Series maior ;
Volume number/sequential designation 132
504 ## - BIBLIOGRAPHY, ETC. NOTE
Bibliography, etc Includes bibliographical references (p. 214-219) and indexes.
533 ## - REPRODUCTION NOTE
Type of reproduction Electronic reproduction.
Place of reproduction Palo Alto, Calif. :
Agency responsible for reproduction ebrary,
Date of reproduction 2013.
Note about reproduction Available via World Wide Web.
-- Access may be limited to ebrary affiliated libraries.
600 10 - SUBJECT ADDED ENTRY--PERSONAL NAME
Personal name Johnson, Samuel,
Dates associated with a name 1709-1784.
Title of a work Dictionary of the English language.
Personal name Webster, Noah,
Dates associated with a name 1758-1843.
Title of a work American dictionary of the English language.
650 #0 - SUBJECT ADDED ENTRY--TOPICAL TERM
Topical term or geographic name as entry element English language
General subdivision Lexicography.
655 #7 - INDEX TERM--GENRE/FORM
Genre/form data or focus term Electronic books.
Source of term local
710 2# - ADDED ENTRY--CORPORATE NAME
Corporate name or jurisdiction name as entry element ebrary, Inc.
830 #0 - SERIES ADDED ENTRY--UNIFORM TITLE
Uniform title Lexicographica.
Name of part/section of a work Series maior ;
Volume number/sequential designation 132.
856 40 - ELECTRONIC LOCATION AND ACCESS
Uniform Resource Identifier <a href="http://site.ebrary.com/lib/rucke/Doc?id=10275833">http://site.ebrary.com/lib/rucke/Doc?id=10275833</a>
Public note An electronic book accessible through the World Wide Web; click to view

No items available.

© 2026 Rongo University
Contact us: librarian | system librarian | Rongo university